BABALAR VE OĞULLAR (Record no. 924426)

MARC details
000 -LEADER
sabit uzunluktaki kontrol alanı 00239nam a2200097Ia 4500
001 - KONTROL NUMARASI
kontrol alanı 924426
005 - EN SON İŞLEMİN TARİH VE ZAMANI
kontrol alanı 20250826191521.0
008 - SABİT-UZUNLUKTA VERİ ÖĞELERİ--GENEL BİLGİ
sabit uzunluktaki kontrol alanı 250824s9999 xx 000 0 und d
245 #0 - ESER / YAZAR
ESER ADI BABALAR VE OĞULLAR
Yazar Adı TURGENYEV
260 ## - YAYIN, DAĞITIM, VB.
YAYIN EVİ ANONİM YAYINLARI
Holdings
Düşüm durumu Kayıp durumu Hasar Durumu Ödünç verilmez Ana kütüphane Geçerli Kütüphane Edinilen tarih Toplam ödünç verme sayısı Barkod Son görüntüleme tarihi Fiyatın geçerli olmaya başladığı tarih Koha materyal türü
        ERBİL KORU ANADOLU LİSESİ ERBİL KORU ANADOLU LİSESİ 24.08.2025   10463767 26.08.2025 26.08.2025 Books